Normal view
MARC view
- Awan ,Muhammad Nawaz
Entry Personal Name
001 - CONTROL NUMBER
- control field: 15369
003 - CONTROL NUMBER IDENTIFIER
- control field: NUST
005 - DATE AND TIME OF LATEST TRANSACTION
- control field: 20190624055649.0
008 - FIXED-LENGTH DATA ELEMENTS
- fixed length control field: 190624|| aca||aabn | a|a d
040 ## - CATALOGING SOURCE
- Original cataloging agency: NUST
- Transcribing agency: NUST
100 ## - HEADING--PERSONAL NAME
- Personal name: Awan ,Muhammad Nawaz
670 ## - SOURCE DATA FOUND
- Source citation: Work cat.: (NUST): Awan ,Muhammad Nawaz, zila Islamabad /, 1985
